| 000 | 01252nam a2200313 4500 | ||
|---|---|---|---|
| 001 | 0000019165 | ||
| 003 | CO-CtgCURN | ||
| 005 | 20260131151856.0 | ||
| 007 | ta | ||
| 008 | 160627s2002 000 0 eng d | ||
| 020 | _a9706135375 | ||
| 040 |
_aCO-CtgCURN _bspa _ccoctgcurn |
||
| 082 | 0 |
_a345.861 _bC177d |
|
| 100 | 1 |
_aCarrara, Francesco, _d1805-1888. |
|
| 245 | 1 | 0 |
_aDerecho penal / _cFrancesco Carrara, traducción y compilacion : Enrique Figueroa Alfonzo. |
| 260 |
_aMexico : _bOxford, _c2002. |
||
| 300 | _aV. 3. | ||
| 336 | _2rdacontent | ||
| 337 |
_2rdamedia _asin mediacion _bn |
||
| 338 |
_2rdacarrier _avolumen _bnc |
||
| 490 | 1 | _aClasicos del derecho | |
| 500 | _aTitulo original. Opusculi di diritto criminale. | ||
| 505 | 8 | _aGuiseppe Puccióni y el derecho penal.--Estudios juridicos.--La defensa publica y privada.--Idea fundamental del derecho punitivo.--Enmienda del reo como fundamento de la pena.--Tutela juridica.--Dolo.--Tentativa en el impetu.--Grado en la fuerza fisica del delito | |
| 650 | 1 | 4 | _aDerecho penal. |
| 700 | 1 |
_aFigueroa Alfonzo, Enrique Octavio, _eTraductor. |
|
| 908 | _a160627 | ||
| 942 |
_cBK _h345.861 _iC177d _2ddc _n0 |
||
| 999 |
_c8480 _d8480 |
||